000 00360nam a2200157Ia 4500
008 151213s9999 xx 000 0 und d
100 _aKottler
245 _aMarketing Management
_cKottler
250 _a12th
260 _aIndia
_bPrentic Hall
_c2005
300 _a4173 p.
650 _aMarketing
650 _aMarketing
700 _aKottler
999 _c2598
_d2598